书目信息 |
| 题名: |
朝鲜电影歌曲选
|
|
| 作者: | ;上海文艺出版社 编辑 | |
| 分册: | ||
| 出版信息: | 上海 上海文艺出版社 1980 |
|
| 页数: | 92页 | |
| 开本: | 19cm | |
| 丛书名: | ||
| 单 册: | ||
| 中图分类: | J652.4 | |
| 科图分类: | ||
| 主题词: | 电影歌曲--朝鲜--选集 | |
| 电子资源: | ||
| ISBN: | ||
| 000 | 00640nam0 2200229 45 | |
| 001 | 0180000894 | |
| 005 | 20060731173618.26 | |
| 010 | @dCNY0.27 | |
| 091 | @aCN@b8078.3102 | |
| 100 | @a19950607d1980 em y0chiy0121 ea | |
| 101 | 0 | @achi |
| 102 | @aCN@b310000 | |
| 105 | @ag z 000yy | |
| 200 | 10 | @a朝鲜电影歌曲选@Achao xian dian ying ge qu xuan@f上海文艺出版社编辑 |
| 210 | @a上海@c上海文艺出版社@d1980 | |
| 215 | @a92页@d19cm | |
| 606 | @a电影歌曲@y朝鲜@x选集 | |
| 690 | @aJ652.4@v3 | |
| 711 | 02 | @a上海文艺出版社@Ashang hai wen yi chu ban she@4编辑 |
| 801 | 2 | @aCN@bNLC@c20060731 |
| 801 | 0 | @aCN@bTSSF |
| 905 | @a10447@dJ652.4@e325 | |
| 朝鲜电影歌曲选/上海文艺出版社编辑.-上海:上海文艺出版社,1980 |
| 92页;19cm |
| ISBN :CNY0.27 |
| ● |
| 相关链接 |
|
|
|
|
正题名:朝鲜电影歌曲选
索取号:J652.4/325
 
预约/预借
| 序号 | 登录号 | 条形码 | 馆藏地/架位号 | 状态 | 备注 |
| 1 | 0443983 | 204439839 | 密集书库/ [索取号:J652.4/325] | 在馆 | |
| 2 | 0443984 | 204439848 | 密集书库/ [索取号:J652.4/325] | 在馆 |